Llaves de puertas secretas (Record no. 175517)

MARC details
000 -LEADER
campo de control de longitud fija 00887nam a2200217 i 4500
001 - NÚMERO DE CONTROL
campo de control 175517
003 - IDENTIFICADOR DE NÚMERO DE CONTROL
campo de control ES-MaACL
005 - FECHA Y HORA DE LA ÚLTIMA TRANSACCIÓN
campo de control 20240429091317.0
008 - DATOS DE LONGITUD FIJA--INFORMACIÓN GENERAL
campo de control de longitud fija 101103s2004 cl a |||| | spa d
080 ## - NÚMERO DE LA CLASIFICACIÓN DECIMAL UNIVERSAL
Número de la Clasificación Decimal Universal 821.134.2(83) Huidobro, Vicente 1.07
100 1# - ENTRADA PRINCIPAL--NOMBRE DE PERSONA
Nombre de persona Reverte Bernal, Concepción.
9 (RLIN) 96416
245 10 - MENCIÓN DEL TÍTULO
Título Llaves de puertas secretas
Resto del título : otros datos para la compresión de "Gilles de Raiz" de Vicente Huidobro.
260 ## - PUBLICACIÓN, DISTRIBUCIÓN, ETC.
Lugar de publicación, distribución, etc. Santiago :
Nombre del editor, distribuidor, etc. Centro de Estudios de Literatura Chilena, Pontificia Universidad Católica de Chile,
Fecha de publicación, distribución, etc. 2004.
300 ## - DESCRIPCIÓN FÍSICA
Extensión P. 61-88 ;
Dimensiones 25 cm.
504 ## - NOTA DE BIBLIOGRAFÍA, ETC.
Nota de bibliografía, etc. Bibliografía: p. 81-84.
595 ## -
-- Separata de: Anales de literatura chilena, año 5, n. 5, 2004.
600 14 - PUNTO DE ACCESO ADICIONAL DE MATERIA--NOMBRE DE PERSONA
Nombre de persona Huidobro, Vicente,
Fechas asociadas al nombre 1893-1948-
Subdivisión general Crítica e interpretación
9 (RLIN) 64671
710 2# - ENTRADA AGREGADA--NOMBRE DE ENTIDAD CORPORATIVA
Nombre de entidad corporativa o nombre de jurisdicción como elemento de entrada Universidad Católica de Chile.
9 (RLIN) 143828
852 ## - LOCALIZACIÓN
Ubicación ES-MaACL
Número de control de estantería 2283-F-11
Holdings
Estatus retirado Estado de pérdida Estado de daño No para préstamo Colección Biblioteca de origen Biblioteca actual Ubicación en estantería Fecha de adquisición Fuente de adquisición Total de préstamos Signatura topográfica completa Código de barras Visto por última vez Precio de reemplazo Tipo de ítem Koha
        Colección de folletos Biblioteca del Ateneo de Madrid Biblioteca del Ateneo de Madrid Depósito folletos 03/11/2010     2283-F-11 1184307 23/02/2023 23/02/2023 Folleto